000 00735nam a22002890a 4500
001 PT51736
003 AR-LpoUNG
005 20210131231441.0
008 191001s2004||||ag |||||||||||||||||spa d
020 _a9879030486
_c$17
040 _aAR-LpoUNG
_bspa
_cAR-LpoUNG
_eaacr
041 _aspa
044 _aag
082 0 _aA863 246isl
100 1 _aFarriols, Mercedes
245 1 0 _aIsla Blanca, Catherina :
_bnovela
250 _a1§ ed.
260 _aBuenos Aires :
_bNueva Generación,
_c2004.
300 _a121 p. :
_bil.
650 4 _aARGENTINA
650 4 _aLITERATURA
650 4 _aNOVELAS
651 4 _aDOCUMENTOS TEORICOS O METODOLOGICOS
653 _aLITERATURA ARGENTINA
905 _a51736
942 _cLSALA
999 _c10079
_d10079